000 00791nas a2200253 4500
001 BR2014001054
003 BR-BrBNA
005 20231205123731.0
007 ta
008 230509b bl.|||p| |||| 00| 00por d
040 _aBR-BrBNA
_bpor
_cBiblioteca Nacional de Agricultura
041 _a(Pt)
072 _aF63
100 1 _aBarbosa, T.C.
100 1 _aRodrigues, R.R.
100 1 _aCouto, H.T.Z. do
245 1 _aTamanhos de recipientes e o uso de hidrogel no estabelecimento de mudas de espécies florestais nativas
650 _aESSENCIA FLORESTAL
650 _aMUDA
650 _aDIVERSIFICAÇÃO DE CULTURA
773 0 _tHoehnea (Brazil)
_xISSN 0073-2877
_g(Sep 2013), v. 40(3) p. 537-556
_wBR2014001054
909 _a202311
_bLúcia
_c55
_dLúcia Elande
942 _2AGRIS
_n0
_cANA
999 _c235428
_d235428